Staráme sa o kávu aj o ľudí
Spoločnosť Tchibo - vznik a súčasná expanzia. Spoločnosť už dávno nepredáva iba kávu. Príbeh značky.
Guardado en:
| Autor principal: | |
|---|---|
| Formato: | Capítulo de libro |
| Lenguaje: | eslovaco |
| Materias: | |
| Etiquetas: |
Sin Etiquetas, Sea el primero en etiquetar este registro!
|
MARC
| LEADER | 00000naa a2200000 4500 | ||
|---|---|---|---|
| 001 | 0228562 | ||
| 005 | 20170317105020.2 | ||
| 041 | 0 | |a slo | |
| 044 | |a SK | ||
| 245 | 1 | 0 | |a Staráme sa o kávu aj o ľudí |c Henrieta Halasová |
| 520 | |a Spoločnosť Tchibo - vznik a súčasná expanzia. Spoločnosť už dávno nepredáva iba kávu. Príbeh značky. | ||
| 610 | 2 | 0 | |a spoločnosti obchodné |
| 610 | 2 | 0 | |a Nemecko |
| 610 | 2 | 0 | |a predaj |
| 610 | 2 | 0 | |a káva |
| 610 | 2 | 0 | |a značky |
| 610 | 2 | 0 | |a značky výrobné |
| 100 | 1 | |a Halasová, Henrieta | |